000 00257nam a2200097Ia 4500
008 120527s9999 xx 000 0 und d
100 _aOlajire A. A. etal.
245 _aIntroductory physical chemistry ( University series A )
260 _bOgfat
942 _cBK
999 _c15421
_d15421